<?xml version="1.0" encoding="UTF-8"?>
<record
    xmlns:xsi="http://www.w3.org/2001/XMLSchema-instance"
    xsi:schemaLocation="http://www.loc.gov/MARC21/slim http://www.loc.gov/standards/marcxml/schema/MARC21slim.xsd"
    xmlns="http://www.loc.gov/MARC21/slim">

  <leader>01149nam a2200157   4500</leader>
  <controlfield tag="001">14051</controlfield>
  <controlfield tag="005">20260326113150.0</controlfield>
  <datafield tag="010" ind1=" " ind2=" ">
    <subfield code="a">9782847053241</subfield>
  </datafield>
  <datafield tag="090" ind1=" " ind2=" ">
    <subfield code="a">14051</subfield>
  </datafield>
  <datafield tag="099" ind1=" " ind2=" ">
    <subfield code="o">0</subfield>
  </datafield>
  <datafield tag="100" ind1=" " ind2=" ">
    <subfield code="a">20260326d        u||y0frey50      ba</subfield>
  </datafield>
  <datafield tag="200" ind1=" " ind2=" ">
    <subfield code="a">Leurs coeurs se balancer</subfield>
    <subfield code="b">LIVR</subfield>
  </datafield>
  <datafield tag="323" ind1=" " ind2=" ">
    <subfield code="a">ind&#xE9;fini</subfield>
  </datafield>
  <datafield tag="330" ind1=" " ind2=" ">
    <subfield code="a">Dans Leurs c&#x153;urs se balancer, il y a le bruissement de la for&#xEA;t. La petite fille n&#x2019;a pas de nom, le lapin n&#x2019;a pas de visage et un curieux personnage court apr&#xE8;s le temps. Mais la nuit on entend les c&#x153;urs se balancer, murmurer leurs secrets, et nos trois amis en sont transform&#xE9;s. 

Solitudine met en pr&#xE9;sence un tigre et un enfant. On pourrait croire le dialogue improbable. Mais douceur et tendresse d&#xE9;tr&#xF4;nent les rapports de force et tout devient possible. Leur alliance d&#xE9;joue la b&#xEA;tise des chasseurs. 

Goutte d&#x2019;O, ce sont les pens&#xE9;es d&#x2019;un enfant qui suit une goutte d&#x2019;eau de pluie sur une vitre et s&#x2019;&#xE9;merveille de tous ces O que sa m&#xE8;re ne voit pas. Il apprend tout &#xE0; la fois le monde et les mots. Le quotidien se mue en alphabet et la larme en po&#xE8;me. </subfield>
  </datafield>
  <datafield tag="610" ind1=" " ind2=" ">
    <subfield code="a">jeunesse</subfield>
    <subfield code="a">enfance</subfield>
    <subfield code="a">nature</subfield>
  </datafield>
  <datafield tag="700" ind1=" " ind2=" ">
    <subfield code="a">Gal&#xE9;a</subfield>
    <subfield code="b">Claudine</subfield>
  </datafield>
  <datafield tag="995" ind1=" " ind2=" ">
    <subfield code="2">0</subfield>
    <subfield code="5">2026-03-26</subfield>
    <subfield code="9">13942</subfield>
    <subfield code="c">JOL</subfield>
    <subfield code="f">JOL-007751</subfield>
    <subfield code="k">TH JP GAL X</subfield>
    <subfield code="o">0</subfield>
    <subfield code="b">JOL</subfield>
    <subfield code="r">LIVR</subfield>
  </datafield>
</record>
